00613cam a22002171 4500001001300000003000400013005001700017008004100034010001700075035001900092040002500111042001200136050001600148100002900164245006700193260003300260300001800293490004800311650001900359999001700378sa 68020451 DLC20260227112724.0770406q19601969io 000 0 ind  asa 68020451  a(OCoLC)2865515 aDLCcOAUdOCoLCdDLC apremarc00aBP178b.A180 aAboebakar Atjeh,cHadji.10aSembahjang untuk menolak kedjahatan,coleh H. Aboebakar Atjeh. aTjirebon,b"Messir"c[196-?] a72 p.c18 cm.0 aSeri perukunan Islam untuk sekolah dan umum 0aPrayerxIslam. c89429d89429